| 000 | 00578nam a22001817a 4500 | ||
|---|---|---|---|
| 005 | 20241101143538.0 | ||
| 008 | | mx b|||gr|||| 00| 0 spa|d | ||
| 050 | 1 | 4 |
_aHB159 _bR63 1979 |
| 100 | 1 | _aRodríguez, Octavio | |
| 245 | 1 | 3 |
_aEl pensamiento de la CEPAL _c / Octavio Rodríguez. |
| 250 | _a1a ed. | ||
| 260 |
_aMéxico : _bUniversidad Nacional Autónoma de México, Facultad de Economía, _c1979 |
||
| 300 |
_a245 p. ; _c20 cm. |
||
| 504 | _aIncluye bibliografías | ||
| 650 | 7 |
_2lemb _aPolítica económica |
|
| 650 | 4 |
_aEconomía _zAmérica Latina |
|
| 942 |
_2lcc _cLIB |
||
| 999 |
_c48299 _d48299 |
||